000 00458nmm a2200169Ia 4500
008 251105s9999||||xx |||||||||||||||||und||
020 _a8489354537
041 _aspa
100 _aCasey, Calvert
245 0 _aNotas de un simulador
264 _a[Madrid, España] :
_bMontesinos,
_c1997
300 _a280 páginas
490 _aNarrativa
650 _aNorth American narrative
856 _uhttps://public.digitaliapublishing.com/a/37077
942 _cCF
999 _c73890
_d73890